ბათუმის შოთა რუსთაველის სახელმწიფო უნივერსიტეტის ბიბლიოთეკა

საკუთარი ხმა (ბიბ.ჩანაწერი № 48759)

000 -LEADER
fixed length control field 00729nam a2200229Ia 4500
001 - CONTROL NUMBER
control field 15660
003 - CONTROL NUMBER IDENTIFIER
control field GE_BSU
008 - FIXED-LENGTH DATA ELEMENTS--GENERAL INFORMATION
fixed length control field 181216s||||||||xx |||||||||||||| ||und||
040 ## - CATALOGING SOURCE
Transcribing agency GE_BSU
080 ## - UNIVERSAL DECIMAL CLASSIFICATION NUMBER
Universal Decimal Classification number 821.353.1-1 + 821.353.1-11
100 ## - MAIN ENTRY--PERSONAL NAME
Personal name ცეცხლაძე, გრიგოლ
245 ## - TITLE STATEMENT
Title საკუთარი ხმა
245 ## - TITLE STATEMENT
Remainder of title ლექსები და პოემები
245 ## - TITLE STATEMENT
Statement of responsibility, etc. რედ.: ი.ლისაშვილი.
260 ## - PUBLICATION, DISTRIBUTION, ETC.
Place of publication, distribution, etc. თბილისი
260 ## - PUBLICATION, DISTRIBUTION, ETC.
Name of publisher, distributor, etc. ფედერაცია
260 ## - PUBLICATION, DISTRIBUTION, ETC.
Date of publication, distribution, etc. 1935
300 ## - PHYSICAL DESCRIPTION
Extent 124გვ. ; 18სმ
653 ## - INDEX TERM--UNCONTROLLED
Uncontrolled term ლექსები და პოემები
653 ## - INDEX TERM--UNCONTROLLED
Uncontrolled term საკუთარი ხმა
942 ## - ADDED ENTRY ELEMENTS (KOHA)
Koha item type წიგნი
ეგზემპლარები
Withdrawn status Lost status Damaged status Not for loan Date acquired Barcode Date last seen Price effective from Koha item type
        2018-12-17 38733 2018-12-17 2018-12-17 წიგნი
        2018-12-17 38734 2018-12-17 2018-12-17 წიგნი
        2018-12-17 38735 2018-12-17 2018-12-17 წიგნი
        2018-12-17 38736 2018-12-17 2018-12-17 წიგნი
        2018-12-17 38740 2018-12-17 2018-12-17 წიგნი